Wisconsin Major & Minor Teams - Statistics

General Stats
  • This quiz has been taken 34 times
  • The average score is 7 of 11
Answer Stats
NCAA % Correct
Green Bay Packers
100%
Milwaukee Brewers
96%
Milwaukee Bucks
96%
Wisconsin Badgers
93%
Marquette Golden Eagles
57%
Milwaukee Admirals
57%
Milwaukee Panthers
57%
Green Bay Phoenix
46%
Wisconsin Herd
43%
Wisconsin Timber Rattlers
39%
Beloit Sky Carp
18%
No matching quizzes found
Score Distribution
Percent of People with Each Score
Percentile by Number Answered
Your Score History
You have not taken this quiz